| 000 | 01213cam a2200325 i 4500 | ||
|---|---|---|---|
| 999 |
_c200449445 _d67657 |
||
| 001 | 200449445 | ||
| 003 | TR-AnTOB | ||
| 005 | 20220815153444.0 | ||
| 007 | ta | ||
| 008 | 710721s1970 fr a 000 0 eng | ||
| 010 | _a 75574392 | ||
| 015 | _aF*** | ||
| 035 | _a(TR-AnTOB)200449445 | ||
| 040 |
_aDLC _beng _erda _cDLC _dDLC _dTR-AnTOB |
||
| 041 | 0 | _aeng | |
| 050 | 0 | 4 |
_aHQ766 _b.O74 1970 |
| 090 |
_aHQ766 _b.O74 1970 |
||
| 110 | 2 |
_aOrganisation for Economic Co-operation and Development. _bDevelopment Centre _953907 |
|
| 245 | 1 | 0 |
_aInternational assistance for population programmes : _brecipient and donor views. |
| 264 | 1 |
_a[Paris] : _bDevelopment Centre of the Organisation for Economic Co-operation and Development, _c[1970] |
|
| 300 |
_a185 pages : _billustrations ; _c24 cm |
||
| 336 |
_atext _btxt _2rdacontent |
||
| 337 |
_aunmediated _bn _2rdamedia |
||
| 338 |
_avolume _bnc _2rdacarrier |
||
| 500 | _aBased on two conferences organized by the Development Centre of the Organization for Economic Co-operation and Development, held in April and November 1969. | ||
| 650 | 0 |
_aBirth control _vCongresses _9135874 |
|
| 942 |
_2lcc _cBK |
||